| 000 | 00522nam a22001937a 4500 | ||
|---|---|---|---|
| 005 | 20221013093218.0 | ||
| 008 | 221013b ||||| |||| 00| 0 eng d | ||
| 040 | _cAL | ||
| 041 | _aeng | ||
| 082 |
_223 _a491.47 _bKAPT |
||
| 100 |
_aS M Kapadia _959463 |
||
| 245 | _aTeach yourself Gujarati | ||
| 260 |
_aBombay _bD B Taraporeval Sons & Co. Pvt Ltd _c1963 |
||
| 300 |
_a216p. _bPB _c13x10cm. |
||
| 650 |
_aLanguages _959464 |
||
| 650 |
_aEnglish Gujarathi _959465 |
||
| 700 |
_aKAPADIA (S M) _959466 |
||
| 942 |
_2ddc _cGF |
||
| 999 |
_c224828 _d224828 |
||